[Event "FIDE Womens Grand Swiss 2021"]
[Site "Riga"]
[Date "2021.10.28"]
[Round "2.15"]
[White "Munguntuul, Batkhuyag"]
[Black "Bivol, Alina"]
[Result "1/2-1/2"]
[WhiteElo "2433"]
[BlackElo "2392"]
[Annotator "TA"]
[PlyCount "66"]
[EventDate "2021.10.27"]
[EventType "swiss"]
[EventCountry "LAT"]
[Tiebreak "Cut1 Buchholz+Sonneborn-Berger (Swiss)"]
[SourceTitle "playchess.com"]
[Source "ChessBase"]
[SourceQuality "1"]

{[%evp 14,66,35,44,76,33,53,11,16,22,49,20,80,61,66,65,84,60,65,51,55,14,14,14,
14,7,19,0,25,0,0,-25,-25,-32,-25,-34,-25,-25,0,-54,-52,-143,-54,-56,0,0,0,0,0,
-62,-62,-62,-62,-47,-47]} 1. e4 e6 2. d4 d5 3. Nc3 Bb4 4. e5 c5 5. a3 Bxc3+ 6.
bxc3 Nc6 7. Qg4 g6 8. Nf3 Bd7 {C18: French: 3 Nc3 Bb4: Main line: 7 h4 and 7
Qg4.} 9. Qf4 h6 10. Be2 Qa5 {[#] The position is equal.} 11. Qd2 $146 ({
Predecessor:} 11. Bd2 c4 12. O-O O-O-O 13. Rfb1 Nge7 14. a4 g5 15. Qg4 Nb8 16.
Bc1 Bxa4 17. Ba3 {1-0 (34) Kolcak,M (2290)-Mandak,M Bratislava 1992}) 11... c4
12. a4 O-O-O (12... Nce7 $11) 13. O-O $16 g5 14. Ba3 Kb8 15. Rfb1 Ka8 16. h3 f5
17. h4 g4 18. Ne1 Nge7 19. g3 h5 20. Ng2 Ng6 21. Bd6 Rdg8 22. Ra3 Rh7 23. Bf1
Qd8 24. a5 a6 25. Bc5 Na7 26. Bxa7 ({Better is} 26. Raa1 $11) 26... Kxa7 $15
27. Rb6 {[#]} (27. Nf4 $15) 27... Bc6 ({Black should try} 27... f4 $1 $17 {
White must now prevent ...Rf7.} 28. Nxf4 Qf8) 28. Ra1 Rf8 (28... Qf8 $15) 29.
Nf4 $1 $11 {[%cal Rf4g6]} Nxf4 30. Qxf4 Qe7 31. Ra2 (31. Be2 $11) 31... Qg7 $1
$15 {Black is slightly better.} 32. Ra1 Qh6 $1 33. Kh2 Qxf4 {Weighted Error
Value: White=0.20/Black=0.18} 1/2-1/2

[Event "FIDE Womens Grand Swiss 2021"]
[Site "Riga"]
[Date "2021.10.28"]
[Round "2.16"]
[White "Buksa, Nataliya"]
[Black "Zawadzka, Jolanta"]
[Result "1/2-1/2"]
[WhiteElo "2409"]
[BlackElo "2428"]
[Annotator "NA"]
[PlyCount "86"]
[EventDate "2021.10.27"]
[EventType "swiss"]
[EventCountry "LAT"]
[Tiebreak "Cut1 Buchholz+Sonneborn-Berger (Swiss)"]
[SourceTitle "playchess.com"]
[Source "ChessBase"]
[SourceQuality "1"]
[TimeControl "40/6000+30:20/3000+30:900+30"]

1. e4 {[%emt 0:10:03]} e5 {[%emt 0:10:08]} 2. Nf3 {[%emt 0:00:05]} Nc6 {
[%emt 0:00:03]} 3. Bb5 {[%emt 0:00:10]} Nf6 {[%emt 0:00:07]} 4. d3 {[%emt 0:01:
04]} Bc5 $11 {[%emt 0:00:08]} 5. Bxc6 {[%emt 0:00:05]} dxc6 {[%emt 0:00:07]} 6.
O-O {[%emt 0:00:06]} Qe7 {[%emt 0:00:21]} 7. Nbd2 {[%emt 0:00:27]} Bg4 {
[%emt 0:00:29]} 8. h3 {[%emt 0:00:03]} Bh5 {[%emt 0:00:15]} 9. a3 {[%emt 0:00:
03]} Nd7 {[%emt 0:17:31]} 10. Nc4 {[%emt 0:01:10]} f6 {[%emt 0:03:14]} 11. b4 {
[%emt 0:05:28]} Bb6 {[%emt 0:09:33]} 12. Be3 {[%emt 0:07:29]} O-O {[%emt 0:05:
56]} 13. Qe2 {[%emt 0:18:43]} Rfd8 {[%emt 0:06:26]} 14. c3 {[%emt 0:18:07]} Nf8
{[%emt 0:06:36]} 15. a4 {[%emt 0:01:59]} Bxf3 {[%emt 0:06:36]} 16. Qxf3 {
[%emt 0:02:09]} Rxd3 {[%emt 0:02:19]} 17. Qe2 {[%emt 0:00:03]} Rd7 {[%emt 0:10:
23]} 18. Bc1 {[%emt 0:18:16]} a5 {[%emt 0:03:15]} 19. b5 {[%emt 0:00:34]} cxb5
{[%emt 0:03:50]} 20. Nxb6 {[%emt 0:01:12]} cxb6 {[%emt 0:00:07]} 21. Qxb5 {
[%emt 0:00:56]} Qe6 {[%emt 0:03:44]} 22. Be3 {[%emt 0:05:12]} Rd6 {[%emt 0:00:
30]} 23. Rab1 {[%emt 0:01:22]} Nd7 {[%emt 0:00:57]} 24. Rfd1 {[%emt 0:00:07]}
Rc8 {[%emt 0:06:22]} 25. Rxd6 {[%emt 0:04:28]} Qxd6 {[%emt 0:00:02]} 26. Qb3+ {
[%emt 0:00:03]} Kf8 {[%emt 0:03:10]} 27. Rd1 {[%emt 0:04:19]} Qc6 {[%emt 0:00:
53]} 28. Bc1 {[%emt 0:00:03]} Nc5 {[%emt 0:06:22]} 29. Ba3 {[%emt 0:00:03]} g5
{[%emt 0:01:30]} 30. Rd5 {[%emt 0:08:39]} Kg7 {[%emt 0:00:41]} 31. Bxc5 {
[%emt 0:00:04]} bxc5 {[%emt 0:00:04]} 32. Qd1 {[%emt 0:00:01]} Rc7 {[%emt 0:02:
42]} 33. h4 {[%emt 0:01:15]} h6 {[%emt 0:01:02]} 34. hxg5 {[%emt 0:00:19]} hxg5
{[%emt 0:00:02]} 35. Qg4 {[%emt 0:01:26]} Qxa4 {[%emt 0:01:08]} 36. Rd8 {
[%emt 0:00:18]} Qc2 {[%emt 0:01:02]} 37. f3 {[%emt 0:02:34]} Qc1+ {[%emt 0:00:
31]} 38. Kf2 {[%emt 0:00:03]} Qc2+ {[%emt 0:00:15]} 39. Kg3 {[%emt 0:00:54]}
Qc1 {[%emt 0:01:01]} 40. Rd7+ {[%emt 0:00:13]} Rxd7 {[%emt 0:00:06]} 41. Qxd7+
{[%emt 0:50:02]} Kh6 {[%emt 0:22:25]} 42. Qh3+ {[%emt 0:00:00]} Kg7 {[%emt 0:
00:16]} 43. Qd7+ {[%emt 0:00:00]} Kh6 {[%emt 0:00:14]} 1/2-1/2

[Event "FIDE Womens Grand Swiss 2021"]
[Site "Riga"]
[Date "2021.10.28"]
[Round "2.17"]
[White "Cori T., Deysi"]
[Black "Abdumalik, Zhansaya"]
[Result "0-1"]
[WhiteElo "2382"]
[BlackElo "2507"]
[Annotator "ChessBase"]
[PlyCount "78"]
[EventDate "2021.10.27"]
[EventType "swiss"]
[EventCountry "LAT"]
[Tiebreak "Cut1 Buchholz+Sonneborn-Berger (Swiss)"]
[SourceTitle "playchess.com"]
[Source "ChessBase"]
[SourceQuality "1"]
[TimeControl "40/6000+30:20/3000+30:900+30"]

1. Nf3 {[%emt 0:10:04]} Nf6 {[%emt 0:10:10]} 2. c4 {[%emt 0:00:17]} e6 {
[%emt 0:02:40]} 3. g3 {[%emt 0:02:55]} d5 {[%emt 0:04:45]} 4. Bg2 {[%emt 0:00:
10]} d4 {[%emt 0:01:47]} 5. O-O {[%emt 0:05:00]} c5 {[%emt 0:02:51]} 6. b4 {
[%emt 0:05:28]} cxb4 {[%emt 0:03:12]} 7. e3 {[%emt 0:00:01]} dxe3 {[%emt 0:07:
58]} 8. fxe3 {[%emt 0:00:03]} Qc7 {[%emt 0:00:47]} 9. Qe2 {[%emt 0:13:43]} Nbd7
{[%emt 0:03:15]} 10. a3 {[%emt 0:08:36]} Nb6 {[%emt 0:12:44]} 11. d3 {[%emt 0:
01:33]} e5 {[%emt 0:00:58]} 12. Qb2 {[%emt 0:16:26]} e4 {[%emt 0:03:12]} 13.
Nd4 {[%emt 0:00:08]} exd3 {[%emt 0:14:02]} 14. Nb5 {[%emt 0:02:55]} Qxc4 {
[%emt 0:03:38]} 15. Qe5+ {[%emt 0:00:53]} Kd8 {[%emt 0:00:46]} 16. Bb2 {
[%emt 0:14:16]} Nbd7 {[%emt 0:09:32]} 17. Qf5 {[%emt 0:01:35]} Be7 {[%emt 0:05:
08]} 18. Nd4 {[%emt 0:17:00]} Nb6 {[%emt 0:00:16]} 19. Qf3 {[%emt 0:01:27]} b3
{[%emt 0:09:07]} 20. Rc1 {[%emt 0:01:06]} Qa6 {[%emt 0:02:12]} 21. Nf5 {
[%emt 0:04:52]} Na4 {[%emt 0:05:10]} 22. Nxe7 {[%emt 0:01:56]} Nxb2 {[%emt 0:
00:47]} 23. Nd5 {[%emt 0:00:14]} Na4 {[%emt 0:03:21]} 24. Qf4 {[%emt 0:00:02]}
Nxd5 {[%emt 0:01:30]} 25. Bxd5 {[%emt 0:00:01]} Qb6 {[%emt 0:02:30]} 26. Nc3 {
[%emt 0:00:06]} b2 {[%emt 0:00:21]} 27. Nxa4 {[%emt 0:00:01]} bxa1=Q {[%emt 0:
00:15]} 28. Rxa1 {[%emt 0:00:30]} Qf6 {[%emt 0:00:13]} 29. Qxf6+ {[%emt 0:02:
04]} gxf6 {[%emt 0:00:01]} 30. Nc5 {[%emt 0:00:36]} Ke7 {[%emt 0:00:37]} 31.
Nxd3 {[%emt 0:00:26]} Rd8 {[%emt 0:00:45]} 32. Nf4 {[%emt 0:00:07]} Rb8 {
[%emt 0:00:25]} 33. Kf2 {[%emt 0:01:32]} Be6 {[%emt 0:00:41]} 34. e4 {[%emt 0:
00:04]} b5 {[%emt 0:00:47]} 35. Ke3 {[%emt 0:00:35]} Rbc8 {[%emt 0:00:17]} 36.
Rb1 {[%emt 0:00:17]} a6 {[%emt 0:00:29]} 37. a4 {[%emt 0:00:12]} Rc3+ {[%emt 0:
00:14]} 38. Ke2 {[%emt 0:00:34]} Rc2+ {[%emt 0:01:15]} 39. Kd3 {[%emt 0:00:20]}
Rc5 {[%emt 0:00:26]} 0-1

[Event "FIDE Womens Grand Swiss 2021"]
[Site "Riga"]
[Date "2021.10.28"]
[Round "2.18"]
[White "Houska, Jovanka"]
[Black "Kashlinskaya, Alina"]
[Result "0-1"]
[WhiteElo "2381"]
[BlackElo "2493"]
[Annotator "ChessBase"]
[PlyCount "98"]
[EventDate "2021.10.27"]
[EventType "swiss"]
[EventCountry "LAT"]
[Tiebreak "Cut1 Buchholz+Sonneborn-Berger (Swiss)"]
[SourceTitle "playchess.com"]
[Source "ChessBase"]
[SourceQuality "1"]
[TimeControl "40/6000+30:20/3000+30:900+30"]

1. Nf3 {[%emt 0:10:05]} d5 {[%emt 0:10:16]} 2. d4 {[%emt 0:00:05]} Nf6 {
[%emt 0:00:12]} 3. c4 {[%emt 0:00:05]} e6 {[%emt 0:00:12]} 4. Nc3 {[%emt 0:00:
05]} dxc4 {[%emt 0:00:12]} 5. e4 {[%emt 0:00:31]} b5 {[%emt 0:00:25]} 6. e5 {
[%emt 0:00:20]} Nd5 {[%emt 0:00:09]} 7. Nxb5 {[%emt 0:00:15]} Nb6 {[%emt 0:00:
10]} 8. Be2 {[%emt 0:00:29]} Nc6 {[%emt 0:00:26]} 9. O-O {[%emt 0:00:53]} Be7 {
[%emt 0:00:17]} 10. Be3 {[%emt 0:01:06]} O-O {[%emt 0:00:54]} 11. Qc1 {[%emt 0:
00:12]} a6 {[%emt 0:10:31]} 12. Nc3 {[%emt 0:03:37]} Bb7 {[%emt 0:00:38]} 13.
Rd1 {[%emt 0:02:03]} Nb4 {[%emt 0:02:35]} 14. Nd2 {[%emt 0:05:00]} Qe8 {
[%emt 0:04:26]} 15. Nxc4 {[%emt 0:23:41]} Rd8 {[%emt 0:09:16]} 16. a3 {[%emt 0:
14:27]} N4d5 {[%emt 0:03:03]} 17. Nxb6 {[%emt 0:03:41]} cxb6 {[%emt 0:01:47]}
18. Nxd5 {[%emt 0:07:29]} Bxd5 {[%emt 0:02:26]} 19. a4 {[%emt 0:06:13]} f5 {
[%emt 0:07:58]} 20. f3 {[%emt 0:08:10]} Rc8 {[%emt 0:11:38]} 21. Qd2 {[%emt 0:
00:24]} a5 {[%emt 0:00:28]} 22. Rdc1 {[%emt 0:00:37]} Qg6 {[%emt 0:07:37]} 23.
Rxc8 {[%emt 0:01:39]} Rxc8 {[%emt 0:00:05]} 24. Rc1 {[%emt 0:00:06]} Rxc1+ {
[%emt 0:02:10]} 25. Qxc1 {[%emt 0:00:04]} h6 {[%emt 0:00:39]} 26. Bd2 {[%emt 0:
02:26]} Qe8 {[%emt 0:06:09]} 27. Bb5 {[%emt 0:01:58]} Qd8 {[%emt 0:01:06]} 28.
Bc4 {[%emt 0:02:16]} Kh7 {[%emt 0:05:45]} 29. b3 {[%emt 0:00:50]} Bc6 {[%emt 0:
02:17]} 30. Be3 {[%emt 0:08:30]} Qd7 {[%emt 0:00:16]} 31. Kf1 {[%emt 0:02:18]}
Bb4 {[%emt 0:01:59]} 32. Qc2 {[%emt 0:00:30]} b5 {[%emt 0:02:59]} 33. axb5 {
[%emt 0:00:23]} Bxb5 {[%emt 0:00:04]} 34. Qd3 {[%emt 0:01:44]} Bc6 {[%emt 0:00:
32]} 35. Bd2 {[%emt 0:01:39]} Bxd2 {[%emt 0:04:35]} 36. Qxd2 {[%emt 0:00:03]}
a4 {[%emt 0:00:32]} 37. bxa4 {[%emt 0:00:15]} Bxa4 {[%emt 0:00:03]} 38. Qb4 {
[%emt 0:02:17]} Bc2 {[%emt 0:06:06]} 39. Qd6 {[%emt 0:02:51]} Qa4 {[%emt 0:00:
13]} 40. Bxe6 {[%emt 0:00:08]} Bd3+ {[%emt 0:00:29]} 41. Kf2 {[%emt 0:50:09]}
f4 {[%emt 0:54:53]} 42. h3 {[%emt 0:00:00]} Qd1 {[%emt 0:00:00]} 43. Bf5+ {
[%emt 0:00:00]} Bxf5 {[%emt 0:00:00]} 44. e6 {[%emt 0:00:00]} Qc1 {[%emt 0:00:
00]} 45. Qe5 {[%emt 0:00:00]} Bd3 {[%emt 0:00:00]} 46. Qe1 {[%emt 0:00:00]}
Qxe1+ {[%emt 0:00:00]} 47. Kxe1 {[%emt 0:00:00]} Kg6 {[%emt 0:00:00]} 48. Kf2 {
[%emt 0:00:00]} Kf6 {[%emt 0:00:00]} 49. g3 {[%emt 0:00:00]} g5 {[%emt 0:00:00]
} 0-1

[Event "FIDE Womens Grand Swiss 2021"]
[Site "Riga"]
[Date "2021.10.28"]
[Round "2.19"]
[White "Hoang, Thanh Trang"]
[Black "Danielian, Elina"]
[Result "0-1"]
[WhiteElo "2380"]
[BlackElo "2450"]
[Annotator "ChessBase"]
[PlyCount "114"]
[EventDate "2021.10.27"]
[EventType "swiss"]
[EventCountry "LAT"]
[Tiebreak "Cut1 Buchholz+Sonneborn-Berger (Swiss)"]
[SourceTitle "playchess.com"]
[Source "ChessBase"]
[SourceQuality "1"]
[TimeControl "40/6000+30:20/3000+30:900+30"]

1. d4 {[%emt 0:10:08]} d6 {[%emt 0:10:06]} 2. e4 {[%emt 0:00:58]} g6 {[%emt 0:
00:26]} 3. Nc3 {[%emt 0:00:37]} a6 {[%emt 0:02:15]} 4. Be3 {[%emt 0:01:58]} Bg7
{[%emt 0:00:17]} 5. Nf3 {[%emt 0:02:03]} b5 {[%emt 0:01:07]} 6. Bd3 {[%emt 0:
03:23]} Bb7 {[%emt 0:02:26]} 7. a4 {[%emt 0:06:01]} b4 {[%emt 0:00:13]} 8. Ne2
{[%emt 0:00:28]} Nf6 {[%emt 0:02:27]} 9. Ng3 {[%emt 0:01:09]} Nbd7 {[%emt 0:21:
40]} 10. h3 {[%emt 0:04:03]} h5 {[%emt 0:07:34]} 11. Bg5 {[%emt 0:09:12]} c5 {
[%emt 0:12:26]} 12. c3 {[%emt 0:03:08]} bxc3 {[%emt 0:21:31]} 13. bxc3 {
[%emt 0:00:24]} Qa5 {[%emt 0:00:05]} 14. Qd2 {[%emt 0:02:19]} d5 {[%emt 0:02:
34]} 15. e5 {[%emt 0:14:59]} Ne4 {[%emt 0:00:08]} 16. Bxe4 {[%emt 0:02:24]}
dxe4 {[%emt 0:00:05]} 17. Nh4 {[%emt 0:01:28]} cxd4 {[%emt 0:09:13]} 18. cxd4 {
[%emt 0:00:47]} Qxd2+ {[%emt 0:00:04]} 19. Bxd2 {[%emt 0:02:12]} O-O {[%emt 0:
04:12]} 20. O-O {[%emt 0:02:04]} Rfd8 {[%emt 0:05:16]} 21. Bb4 {[%emt 0:05:31]}
Nf8 {[%emt 0:01:58]} 22. Bc5 {[%emt 0:09:44]} Ne6 {[%emt 0:01:29]} 23. Bb6 Rd7
{[%emt 0:00:57]} 24. Ne2 {[%emt 0:06:47]} Bh6 {[%emt 0:01:56]} 25. g3 {[%emt 0:
01:12]} Rc8 {[%emt 0:00:40]} 26. Ra2 {[%emt 0:01:48]} Rc4 {[%emt 0:01:16]} 27.
a5 {[%emt 0:01:16]} Bc6 {[%emt 0:00:31]} 28. Ng2 {[%emt 0:02:46]} Ng5 {[%emt 0:
00:16]} 29. h4 {[%emt 0:02:21]} Nf3+ {[%emt 0:00:12]} 30. Kh1 {[%emt 0:00:07]}
Rb4 {[%emt 0:00:50]} 31. Ne3 {[%emt 0:03:36]} Bb5 {[%emt 0:00:35]} 32. Rc1 {
[%emt 0:02:16]} Kg7 {[%emt 0:00:32]} 33. Kg2 {[%emt 0:06:55]} Rb3 {[%emt 0:00:
05]} 34. Rc3 {[%emt 0:01:09]} Rb1 {[%emt 0:00:34]} 35. Rc1 {[%emt 0:01:35]}
Rxc1 {[%emt 0:00:31]} 36. Nxc1 {[%emt 0:00:05]} Nxd4 {[%emt 0:00:19]} 37. Rd2 {
[%emt 0:00:52]} Nf3 {[%emt 0:00:11]} 38. Rxd7 {[%emt 0:00:41]} Bxd7 {[%emt 0:
00:05]} 39. Bc7 {[%emt 0:00:49]} Kf8 {[%emt 0:01:00]} 40. Nb3 {[%emt 0:00:27]}
Ne1+ {[%emt 0:00:18]} 41. Kf1 {[%emt 0:21:55]} Nd3 {[%emt 0:20:04]} 42. Ke2 {
[%emt 0:03:14]} Nb4 {[%emt 0:26:29]} 43. Nd4 {[%emt 0:07:50]} Ke8 {[%emt 0:01:
05]} 44. Nc4 {[%emt 0:03:53]} Nc6 {[%emt 0:03:12]} 45. Nb3 {[%emt 0:01:44]}
Bg4+ {[%emt 0:00:50]} 46. Ke1 {[%emt 0:00:18]} Be6 {[%emt 0:01:49]} 47. Ncd2 {
[%emt 0:00:45]} e3 {[%emt 0:00:58]} 48. fxe3 {[%emt 0:00:42]} Bxe3 {[%emt 0:00:
04]} 49. Ke2 {[%emt 0:00:50]} Bxd2 {[%emt 0:00:45]} 50. Nxd2 {[%emt 0:00:08]}
Kd7 {[%emt 0:00:01]} 51. Bb6 {[%emt 0:00:15]} Nxe5 {[%emt 0:00:04]} 52. Ne4 {
[%emt 0:00:27]} Kc6 {[%emt 0:00:34]} 53. Bd8 {[%emt 0:01:32]} Bg4+ {[%emt 0:01:
20]} 54. Kf2 {[%emt 0:01:16]} Kd5 {[%emt 0:00:27]} 55. Ng5 {[%emt 0:01:46]} f6
{[%emt 0:00:24]} 56. Nh7 {[%emt 0:00:36]} Ke6 {[%emt 0:01:02]} 57. Bc7 {
[%emt 0:00:43]} Nc6 {[%emt 0:00:13]} 0-1

[Event "FIDE Womens Grand Swiss 2021"]
[Site "Riga"]
[Date "2021.10.28"]
[Round "2.20"]
[White "Cramling, Pia"]
[Black "Padmini, Rout"]
[Result "0-1"]
[WhiteElo "2447"]
[BlackElo "2380"]
[Annotator "NA"]
[PlyCount "80"]
[EventDate "2021.10.27"]
[EventType "swiss"]
[EventCountry "LAT"]
[Tiebreak "Cut1 Buchholz+Sonneborn-Berger (Swiss)"]
[SourceTitle "playchess.com"]
[Source "ChessBase"]
[SourceQuality "1"]
[TimeControl "40/6000+30:20/3000+30:900+30"]

1. d4 {[%emt 0:10:08]} Nf6 {[%emt 0:10:11]} 2. c4 {[%emt 0:00:11]} e6 {[%emt 0:
01:00]} 3. Nf3 {[%emt 0:00:41]} c5 {[%emt 0:00:18]} 4. e3 {[%emt 0:02:21]} cxd4
{[%emt 0:04:12]} 5. exd4 {[%emt 0:00:19]} d5 {[%emt 0:00:23]} 6. Nc3 {[%emt 0:
00:38]} Bb4 {[%emt 0:00:37]} 7. cxd5 {[%emt 0:06:28]} Nxd5 {[%emt 0:00:08]} 8.
Bd2 {[%emt 0:00:34]} Nc6 {[%emt 0:01:50]} 9. Bd3 {[%emt 0:01:11]} Be7 {[%emt 0:
02:44]} 10. a3 {[%emt 0:05:39]} Bf6 {[%emt 0:03:08]} 11. O-O {[%emt 0:09:57]}
O-O {[%emt 0:04:11]} 12. Be3 {[%emt 0:03:09]} Nce7 {[%emt 0:04:00]} 13. Ne4 {
[%emt 0:09:17]} Nf5 {[%emt 0:12:47]} 14. Nxf6+ {[%emt 0:10:51]} Qxf6 {[%emt 0:
03:16]} 15. Qe2 {[%emt 0:02:08]} b6 {[%emt 0:07:28]} 16. Ne5 {[%emt 0:03:06]}
Bb7 {[%emt 0:14:21]} 17. Rad1 $15 {[%emt 0:04:01]} Rad8 {[%emt 0:01:50]} 18.
Bb1 {[%emt 0:06:27]} Qh4 {[%emt 0:03:31]} 19. Qd2 {[%emt 0:13:26]} h6 {[%emt 0:
06:20]} 20. Bxf5 {[%emt 0:04:13]} exf5 {[%emt 0:00:05]} 21. f3 {[%emt 0:00:21]}
Rfe8 {[%emt 0:02:54]} 22. Rfe1 {[%emt 0:01:09]} f4 {[%emt 0:03:48]} 23. Bf2 {
[%emt 0:00:10]} Qg5 {[%emt 0:00:09]} 24. Rc1 {[%emt 0:02:19]} Re6 {[%emt 0:02:
03]} 25. b4 {[%emt 0:04:51]} f6 {[%emt 0:02:30]} 26. Nc4 {[%emt 0:00:52]} Rc6 {
[%emt 0:05:52]} 27. b5 {[%emt 0:00:38]} Rc7 {[%emt 0:00:13]} 28. a4 {[%emt 0:
00:54]} Qg6 {[%emt 0:02:15]} 29. a5 {[%emt 0:02:46]} Rdc8 {[%emt 0:02:09]} 30.
Nd6 {[%emt 0:01:28]} Rc2 {[%emt 0:00:16]} 31. Rxc2 {[%emt 0:01:44]} Rxc2 {
[%emt 0:00:02]} 32. Re8+ {[%emt 0:00:34]} Kh7 {[%emt 0:03:52]} 33. Nf7 {
[%emt 0:00:32]} Qxg2+ {[%emt 0:03:09]} 34. Kxg2 {[%emt 0:00:01]} Rxd2 {[%emt 0:
00:05]} 35. Kf1 {[%emt 0:03:12]} Rd1+ {[%emt 0:02:41]} 36. Re1 {[%emt 0:00:36]}
Rxe1+ {[%emt 0:00:44]} 37. Bxe1 {[%emt 0:00:58]} Nc7 {[%emt 0:00:39]} 38. axb6
{[%emt 0:00:39]} axb6 {[%emt 0:00:02]} 39. Ke2 {[%emt 0:00:48]} Nxb5 {[%emt 0:
00:09]} 40. Bf2 {[%emt 0:00:03]} Bd5 {[%emt 0:00:15]} 0-1

[Event "FIDE Womens Grand Swiss 2021"]
[Site "Riga"]
[Date "2021.10.28"]
[Round "2.21"]
[White "Girya, Olga"]
[Black "Rogule, Laura"]
[Result "1-0"]
[WhiteElo "2410"]
[BlackElo "2289"]
[Annotator "NA"]
[PlyCount "111"]
[EventDate "2021.10.27"]
[EventType "swiss"]
[EventCountry "LAT"]
[Tiebreak "Cut1 Buchholz+Sonneborn-Berger (Swiss)"]
[SourceTitle "playchess.com"]
[Source "ChessBase"]
[SourceQuality "1"]
[TimeControl "40/6000+30:20/3000+30:900+30"]

1. d4 {[%emt 0:10:02]} d5 {[%emt 0:10:08]} 2. c4 {[%emt 0:00:07]} e6 {[%emt 0:
00:06]} 3. Nf3 {[%emt 0:00:09]} Nf6 {[%emt 0:00:27]} 4. g3 {[%emt 0:00:09]}
Bb4+ {[%emt 0:01:07]} 5. Bd2 {[%emt 0:00:07]} Be7 {[%emt 0:00:24]} 6. Bg2 {
[%emt 0:00:34]} O-O {[%emt 0:00:51]} 7. O-O {[%emt 0:00:15]} c6 {[%emt 0:04:08]
} 8. Qc2 {[%emt 0:00:49]} Nbd7 {[%emt 0:02:22]} 9. Bf4 {[%emt 0:05:44]} b6 {
[%emt 0:04:52]} 10. Nbd2 {[%emt 0:03:30]} Bb7 {[%emt 0:09:42]} 11. e4 {[%emt 0:
00:54]} dxe4 {[%emt 0:05:25]} 12. Nxe4 {[%emt 0:01:49]} Nxe4 {[%emt 0:03:04]}
13. Qxe4 {[%emt 0:00:07]} Nf6 {[%emt 0:00:35]} 14. Qe2 {[%emt 0:01:59]} c5 {
[%emt 0:00:41]} 15. Rfd1 {[%emt 0:02:38]} cxd4 {[%emt 0:00:49]} 16. Rxd4 {
[%emt 0:08:32]} Qe8 {[%emt 0:06:07]} 17. Ne5 {[%emt 0:02:50]} Bxg2 {[%emt 0:03:
03]} 18. Kxg2 {[%emt 0:00:59]} Rd8 {[%emt 0:13:18]} 19. Rxd8 {[%emt 0:01:28]}
Qxd8 {[%emt 0:00:25]} 20. Qf3 {[%emt 0:06:25]} Qc8 {[%emt 0:07:38]} 21. Rd1 {
[%emt 0:06:31]} Re8 {[%emt 0:03:00]} 22. g4 {[%emt 0:13:54]} Qa8 {[%emt 0:13:
12]} 23. Qxa8 {[%emt 0:03:10]} Rxa8 {[%emt 0:00:01]} 24. Kf3 {[%emt 0:15:18]}
h6 {[%emt 0:04:26]} 25. Nc6 {[%emt 0:00:28]} Kf8 {[%emt 0:00:43]} 26. b4 {
[%emt 0:11:21]} a6 {[%emt 0:05:42]} 27. a4 {[%emt 0:04:44]} Rc8 {[%emt 0:01:29]
} 28. b5 {[%emt 0:00:31]} axb5 {[%emt 0:00:14]} 29. axb5 {[%emt 0:00:06]} Bc5 {
[%emt 0:08:21]} 30. h4 {[%emt 0:00:52]} Ke8 {[%emt 0:01:13]} 31. Be5 {[%emt 0:
02:55]} Ra8 {[%emt 0:01:32]} 32. g5 {[%emt 0:03:29]} hxg5 {[%emt 0:00:07]} 33.
hxg5 {[%emt 0:00:03]} Nd7 {[%emt 0:01:08]} 34. Bxg7 {[%emt 0:00:49]} Ra4 {
[%emt 0:00:29]} 35. Ra1 {[%emt 0:02:41]} Rxa1 {[%emt 0:00:32]} 36. Bxa1 {
[%emt 0:00:01]} Be7 {[%emt 0:00:30]} 37. Kg4 {[%emt 0:01:25]} Nc5 {[%emt 0:00:
25]} 38. Bd4 {[%emt 0:00:39]} Nd7 {[%emt 0:00:16]} 39. f4 {[%emt 0:00:29]} Bd6
{[%emt 0:00:29]} 40. Kf3 {[%emt 0:00:41]} Bc7 {[%emt 0:00:28]} 41. Ne5 {
[%emt 0:33:58]} Bxe5 {[%emt 0:41:30]} 42. Bxe5 {[%emt 0:00:06]} Ke7 {[%emt 0:
00:28]} 43. Kg4 {[%emt 0:01:53]} Nc5 {[%emt 0:01:08]} 44. Bd4 {[%emt 0:03:14]}
Nd7 {[%emt 0:00:41]} 45. Kh5 {[%emt 0:00:59]} Kf8 {[%emt 0:01:55]} 46. Kh6 {
[%emt 0:01:33]} Ke8 {[%emt 0:03:43]} 47. Kg7 {[%emt 0:00:29]} Ke7 {[%emt 0:00:
07]} 48. Bf6+ {[%emt 0:05:55]} Ke8 {[%emt 0:00:04]} 49. Be5 {[%emt 0:01:10]}
Nc5 {[%emt 0:02:23]} 50. Bc7 {[%emt 0:00:04]} Na4 {[%emt 0:01:28]} 51. Kf6 {
[%emt 0:01:39]} Nb2 {[%emt 0:01:52]} 52. c5 {[%emt 0:01:57]} bxc5 {[%emt 0:00:
05]} 53. b6 {[%emt 0:00:14]} Kd7 {[%emt 0:00:20]} 54. Be5 {[%emt 0:00:09]} Nc4
{[%emt 0:01:31]} 55. b7 {[%emt 0:00:11]} Nxe5 {[%emt 0:00:08]} 56. b8=Q {
[%emt 0:00:08]} 1-0